000 00659nam a2200181Ia 4500
008 151018s9999 xx 000 0 und d
082 _bRBASDV51928
_a891.464
100 _aवसंत शंकर फडके
245 _aयशश्री निबंधमाला
250 _b1
260 _b"अभिनंदन प्रकाशन, कोल्हापूर "
_c2009
300 _a56
600 _aवसंत शंकर फडके
630 _aयशश्री निबंधमाला
700 _aवसंत शंकर फडके
730 _aयशश्री निबंधमाला
942 _cBOOK
999 _c1050679
_d1050676